000 00326nam a22001457a 4500
003 SGT
082 _a617.51, R13K
100 _aKIRTANE, MILIND V.
245 _aRHINOLOGY AND ENDOSCOPIC SKULL BASIC SURGERY
250 _a1ST
260 _aINDIA
_bTHIEME PUB.
_c2013
300 _a272
650 _aSURGERY
942 _2ddc
_cBK
999 _c8403
_d8403